Welcome to CU Library Online Public Access Catalogue (OPAC)

Diabetes mellitus in the elderly : (Record no. 3647)

MARC details
000 -LEADER
fixed length control field 00741pam a2200217 a 4500
001 - CONTROL NUMBER
control field 579679
005 - DATE AND TIME OF LATEST TRANSACTION
control field 20250208104107.0
008 - FIXED-LENGTH DATA ELEMENTS--GENERAL INFORMATION
fixed length control field 900206s1990 nyua b 001 0 eng c
020 ## - INTERNATIONAL STANDARD BOOK NUMBER
International Standard Book Number 0881676241
050 00 - LIBRARY OF CONGRESS CALL NUMBER
Classification number RC660
Item number .D5415 1990
082 00 - DEWEY DECIMAL CLASSIFICATION NUMBER
Classification number 618.97/6462
Edition information 20
245 00 - TITLE STATEMENT
Title Diabetes mellitus in the elderly :
Remainder of title a practical guide /
Statement of responsibility, etc. editor-in-chief, Steven R. Gambert ; associate editors, Ramachandiran Cooppan, Krishan L. Gupta.
260 ## - PUBLICATION, DISTRIBUTION, ETC.
Place of publication, distribution, etc. New York :
Name of publisher, distributor, etc. Raven Press,
Date of publication, distribution, etc. c1990.
300 ## - PHYSICAL DESCRIPTION
Extent xii, 276 p. :
Other physical details ill. ;
Dimensions 25 cm.
650 #0 - SUBJECT ADDED ENTRY--TOPICAL TERM
Topical term or geographic name entry element Diabetes in old age.
650 #2 - SUBJECT ADDED ENTRY--TOPICAL TERM
Topical term or geographic name entry element Diabetes Mellitus
General subdivision in old age.
700 1# - ADDED ENTRY--PERSONAL NAME
Personal name Gambert, Steven R.,
Dates associated with a name 1949-
700 1# - ADDED ENTRY--PERSONAL NAME
Personal name Cooppan, Ramachandiran.
700 1# - ADDED ENTRY--PERSONAL NAME
Personal name Gupta, Krishan L.
942 ## - ADDED ENTRY ELEMENTS (KOHA)
Source of classification or shelving scheme Library of Congress Classification
Koha item type Books
Suppress in OPAC No
999 ## -
-- 3647
-- 3647
Holdings
Withdrawn status Lost status Source of classification or shelving scheme Damaged status Not for loan Collection Home library Current library Shelving location Date acquired Total checkouts Full call number Barcode Date last seen Copy number Price effective from Koha item type
    Library of Congress Classification     Non-fiction Science Library (Miotso) Science Library (Miotso) General stacks 02/08/2025   RC660 .D5415 DIA SLM00003184 02/08/2025 1 02/08/2025 Books
    Library of Congress Classification     Non-fiction Science Library (Miotso) Science Library (Miotso) General stacks 02/08/2025   RC660 .D5415 DIA SLM00003185 02/08/2025 2 02/08/2025 Books
    Library of Congress Classification     Non-fiction Science Library (Miotso) Science Library (Miotso) General stacks 02/08/2025   RC660 .D5415 DIA SLM00003186 02/08/2025 3 02/08/2025 Books
    Library of Congress Classification     Non-fiction Science Library (Miotso) Science Library (Miotso) General stacks 02/08/2025   RC660 .D5415 DIA SLM00003187 02/08/2025 4 02/08/2025 Books
    Library of Congress Classification     Non-fiction Science Library (Miotso) Science Library (Miotso) General stacks 02/08/2025   RC660 .D5415 DIA SLM00003188 02/08/2025 5 02/08/2025 Books
    Library of Congress Classification     Non-fiction Science Library (Miotso) Science Library (Miotso) General stacks 02/08/2025   RC660 .D5415 DIA SLM00003189 02/08/2025 6 02/08/2025 Books
© 2023-2024 Copyright: Central University Libraries. All Rights Reserved | Created by: Mahone Tech Office